01347agaaa2200253 45000010005000000030009000050050017000140070009000310080040000400400023000800410013001031000046001161300062001622450187002242500022004112600104004333000022005375200308005595380016008675460013008836500072008967000067009687000058010351717IT-RoPAU20220918181259.0d cvaizq50131s9999||||xx ||| | || ||und|| aIT-RoPAUcIT-RoPAU aITALIANO aMonge AttiliogCodice regista SPICS: 3643 aSANTA MESSA E DEDICAZIONE DELL'ALTARE DEL DUOMO DI MILANO aSANTA MESSA E DEDICAZIONE DELL'ALTARE DEL DUOMO DI MILANOcDiretto da: Monge AttiliopSANTA MESSA E DEDICAZIONE DELL'ALTARE DEL DUOMO DI MILANO (Rif. Codice opera principale : 41717) aEdizione Standard aROMA (ITALIA)bRAI - RADIO TELEVISIONE ITALIANA / g"1986 (1° ed.: 1986 ; Ed. Lingua Orig.: 1986)" aVHSbsonoro, col. a6-CENTENARIO-FONDAZIONE-DUOMO-DI-MILANO LITURGIA EUCARISTICA NEL CORSO DELLA QUALE C'E' LA CONSACRAZIONE E LA DEDICAZIONE DELL'ALTARE MAGGIORE DELLA BA PRESIEDE L'EUCARESTIA IL CARDINALE CARLO MARIA MARTINI CON I CARDINALI GIOVANNI COLOMBO ATTORNIATI DAI VESCOVI LOMBARDI ALL'ORGANO IL MAESTRO BENEDETTI aPAL, STEREO aITALIANO aRELIGIOSOeTV-PROGRAMMI RELIGIOSI [VHS]xCodice MATERIA SPICS: 9963 aMartini Carlo Maria e(soggetto)gCodice Soggetto SPICS: 18349 aMonge Attilio e(regista)gCodice regista SPICS: 3643